000 00944nam a2200301Ia 4500
001 Z_2226
003 CHAP
008 220113s1995 xx 000 0 und d
010 _a165282
040 _cCHAP
090 _aTesis M 937
100 _aMonterroza Zepeda, José Salvador
_977840
245 _aDiferentes niveles de energía y presentación del alimento para el control del síndrome ascítico /
_cpor José Salvador Monterroza Zepeda
260 _aChapingo, Méx. :
_bEl autor,
_c1995
300 _a40 h.
502 _aTesis (Ing. Agr. Esp. en Zootecnia) -- UACH. Departamento de Zootecnia
650 _aAves de corral
_xAlimentación
_98638
650 _aAves de corral
_xEnfermedades
_98646
650 _aEnergía metabólica
_936906
650 _aHidropsía
_955281
700 _aGarcía Olvera, David
_946393
901 _aTESIS M 937
902 _aM
910 _a1995
942 _c2
942 _c2
999 _c165282
_d165282